[Event "Leipzig VfB op 22nd"]
[Site "Leipzig"]
[Date "2015.03.04"]
[Round "2"]
[White "Kaase, Julian"]
[Black "Haerig, Wilfried"]
[Result "1/2-1/2"]
[WhiteElo "1689"]
[BlackElo "2045"]
[PlyCount "70"]
[EventDate "2015.03.03"]
[EventType "swiss"]
[EventRounds "9"]
[EventCountry "GER"]
[SourceTitle "EXT 2016"]
[Source "ChessBase"]
[SourceDate "2015.10.08"]
[SourceVersion "1"]
[SourceVersionDate "2015.10.08"]
[SourceQuality "1"]

1. e4 c5 2. Nf3 g6 3. d4 cxd4 4. Nxd4 Bg7 5. c4 Nc6 6. Be3 Nf6 7. Nc3 Ng4 8. Qxg4 Nxd4 9. Qd1 Ne6 10. Qd2 0-0 11. Be2 d6 12. 0-0 Bd7 13. f3 Qa5 14. Rfd1 Rfc8 15. Nd5 Qxd2 16. Rxd2 Kf8 17. Rb1 Nc7 18. Nf4 Ne6 19. Nd5 b6 20. b3 Rab8 21. Rbd1 h6 22. Bf1 g5 23. g3 Nd8 24. h4 f6 25. hxg5 hxg5 26. Rh2 Nc6 27. Be2 Kf7 28. f4 g4 29. f5 Ne5 30. Kg2 b5 31. Bd4 Nf3 32. Rhh1 bxc4 33. Bxc4 Rxc4 34. bxc4 Nxd4 35. Rxd4 Rb2+ 1/2-1/2

[Event "Hannover Region-ch"]
[Site "Hannover"]
[Date "2008.01.26"]
[Round "2"]
[White "Kaase, Julian"]
[Black "Buchholz, Bernd1111"]
[Result "1-0"]
[WhiteElo "1543"]
[BlackElo "835"]
[PlyCount "35"]
[EventDate "2008.01.12"]
[EventType "swiss"]
[EventRounds "7"]
[EventCountry "GER"]
[SourceTitle "EXT 2021"]
[Source "ChessBase"]
[SourceDate "2020.10.23"]
[SourceVersion "1"]
[SourceVersionDate "2020.10.23"]
[SourceQuality "1"]

1. e4 e6 2. d4 d5 3. Nc3 a6 4. Bd3 c5 5. dxc5 Bxc5 6. exd5 exd5 7. Nxd5 Qxd5 8. Bb5+ Qc6 9. Bxc6+ Nxc6 10. Nf3 h6 11. 0-0 Nge7 12. Bf4 0-0 13. Ne5 Nxe5 14. Bxe5 Be6 15. Re1 Ng6 16. Qh5 Be7 17. Bc3 Nf4 18. Qe5 1-0

[Event "Hannover-ch U16"]
[Site "Lehrte"]
[Date "2006.10.17"]
[Round "7"]
[White "Kaase, Julian"]
[Black "Kusmierek, Phillip"]
[Result "1/2-1/2"]
[WhiteElo "1358"]
[BlackElo "1879"]
[PlyCount "37"]
[EventDate "2006.10.14"]
[EventType "swiss"]
[EventRounds "7"]
[EventCountry "GER"]
[SourceTitle "EXT 2021"]
[Source "ChessBase"]
[SourceDate "2020.10.23"]
[SourceVersion "1"]
[SourceVersionDate "2020.10.23"]
[SourceQuality "1"]

1. e4 c5 2. Nf3 e6 3. Nc3 a6 4. d4 cxd4 5. Nxd4 d6 6. Be3 Nf6 7. f4 Nbd7 8. Bd3 Be7 9. a3 b5 10. Qf3 Qc7 11. Rg1 Nb6 12. g4 Nc4 13. Bxc4 bxc4 14. g5 Nd7 15. h4 Rb8 16. Rb1 Qa5 17. Bd2 Qc7 18. h5 Nb6 19. Qg2 1/2-1/2

[Event "Hannover-ch U16"]
[Site "Lehrte"]
[Date "2006.10.14"]
[Round "1"]
[White "Schmugge, Jens"]
[Black "Kaase, Julian"]
[Result "0-1"]
[WhiteElo "811"]
[BlackElo "1358"]
[PlyCount "38"]
[EventDate "2006.10.14"]
[EventType "swiss"]
[EventRounds "7"]
[EventCountry "GER"]
[SourceTitle "EXT 2021"]
[Source "ChessBase"]
[SourceDate "2020.10.23"]
[SourceVersion "1"]
[SourceVersionDate "2020.10.23"]
[SourceQuality "1"]

1. e4 c5 2. Nf3 Nc6 3. Bc4 e6 4. Nc3 Nf6 5. d3 d5 6. Bg5 dxc4 7. e5 h6 8. Bh4 g5 9. Bxg5 hxg5 10. exf6 Qxf6 11. dxc4 g4 12. Nd2 Qe5+ 13. Nde4 f5 14. Qe2 Nd4 15. Qd3 fxe4 16. Nxe4 Bd7 17. g3 Bc6 18. 0-0 Nf3+ 19. Kg2 Rxh2# 0-1

[Event "GER-chT U12"]
[Site "Verden an der Aller"]
[Date "2002.12.30"]
[Round "7.4"]
[White "Kaase, Julian"]
[Black "Hoefelsauer, Thomas"]
[Result "0-1"]
[WhiteElo "1227"]
[BlackElo "1481"]
[PlyCount "112"]
[EventDate "2002.12.27"]
[EventType "team"]
[EventRounds "7"]
[EventCountry "GER"]
[SourceTitle "CBM 092 Extra"]
[Source "ChessBase"]
[SourceDate "2003.03.07"]
[SourceVersion "1"]
[SourceVersionDate "2003.03.07"]
[SourceQuality "1"]

1. d4 d5 2. c4 e6 3. Nc3 Nf6 4. Bg5 Be7 5. e3 Nbd7 6. Nf3 0-0 7. Bd3 c5 8. 0-0 b6 9. Re1 Bb7 10. Qe2 Rc8 11. Rad1 h6 12. Bh4 cxd4 13. exd4 dxc4 14. Bxc4 Bxf3 15. gxf3 Re8 16. Bg3 Nb8 17. Bb5 Rf8 18. Kg2 Bd6 19. Qd3 Qe7 20. a3 Bxg3 21. fxg3 Qb7 22. Ne4 Nxe4 23. Qxe4 Qxe4 24. fxe4 Rc2+ 25. Re2 Rfc8 26. Kf1 Kf8 27. Bd3 Rxe2 28. Kxe2 Nc6 29. Ba6 Rd8 30. Ke3 Ke7 31. Bb5 Kd6 32. Rc1 Rc8 33. b4 Ne7 34. Bc4 e5 35. Kd3 b5 36. dxe5+ Kxe5 37. Rf1 bxc4+ 38. Kc3 Rc7 39. Rf4 f5 40. exf5 Nd5+ 41. Kc2 Nxf4 42. gxf4+ Kxf5 43. a4 Kxf4 44. Kc3 Ke4 45. h3 g5 46. b5 h5 47. a5 g4 48. b6 axb6 49. axb6 Rb7 50. Kxc4 Rxb6 51. hxg4 hxg4 52. Kc5 Rb1 53. Kc4 g3 54. Kc3 g2 55. Kc4 g1Q 56. Kc3 Qc1# 0-1

[Event "GER-chT U12"]
[Site "Verden an der Aller"]
[Date "2002.12.27"]
[Round "2.4"]
[White "Gruener, Patrick"]
[Black "Kaase, Julian"]
[Result "1-0"]
[WhiteElo "1192"]
[BlackElo "1227"]
[PlyCount "133"]
[EventDate "2002.12.27"]
[EventType "team"]
[EventRounds "7"]
[EventCountry "GER"]
[SourceTitle "CBM 092 Extra"]
[Source "ChessBase"]
[SourceDate "2003.03.07"]
[SourceVersion "1"]
[SourceVersionDate "2003.03.07"]
[SourceQuality "1"]

1. e4 e5 2. Nf3 Nc6 3. Bc4 Nf6 4. d3 Bc5 5. Bg5 h6 6. Bh4 d6 7. h3 0-0 8. Nc3 Bd4 9. Qd2 a6 10. 0-0 Re8 11. Rab1 Qe7 12. Nd5 Qf8 13. Nxc7 Bd7 14. Nxa8 Rxa8 15. Nxd4 Nxd4 16. c3 Ne6 17. Bxf6 gxf6 18. d4 Nf4 19. Qe3 Qg7 20. g4 h5 21. Qg3 b5 22. Bd3 Bc6 23. d5 Bd7 24. Rbd1 Qg5 25. f3 h4 26. Qh2 Ng6 27. c4 Qe3+ 28. Qf2 Qxf2+ 29. Rxf2 Nf4 30. Kh2 bxc4 31. Bxc4 a5 32. b3 Rc8 33. Ba6 Rc3 34. Rb1 Rc7 35. a3 Ra7 36. Bc4 Rb7 37. Rfb2 Kg7 38. b4 a4 39. Ba6 Rb6 40. b5 Kg6 41. Rb4 Nd3 42. Rxa4 Nc5 43. Rab4 Nd3 44. R4b3 Nc5 45. R3b2 Nd3 46. Rc2 Nc5 47. Ra2 Nxa6 48. bxa6 Rxa6 49. Rb4 Kg5 50. Kg2 Kf4 51. Kf2 Ra5 52. a4 Rc5 53. a5 Rc3 54. Ke2 Rc5 55. a6 Rc8 56. a7 Ra8 57. Rb7 Bb5+ 58. Rxb5 f5 59. Rb8 Rxa7 60. Rxa7 fxe4 61. Rxf7+ Kg3 62. fxe4 Kxh3 63. Rf3+ Kg2 64. Ke3 h3 65. Rb2+ Kg1 66. Rff2 h2 67. Rb1# 1-0

[Event "GER-chT U12"]
[Site "Verden an der Aller"]
[Date "2002.12.27"]
[Round "1.4"]
[White "Kaase, Julian"]
[Black "Dzodziev, Matthias"]
[Result "1-0"]
[WhiteElo "1267"]
[BlackElo "1052"]
[PlyCount "98"]
[EventDate "2002.12.27"]
[EventType "team"]
[EventRounds "7"]
[EventCountry "GER"]
[SourceTitle "CBM 092 Extra"]
[Source "ChessBase"]
[SourceDate "2003.03.07"]
[SourceVersion "1"]
[SourceVersionDate "2003.03.07"]
[SourceQuality "1"]

1. d4 d5 2. c4 e6 3. Nc3 c6 4. a4 a5 5. e3 Bb4 6. Bd2 Nf6 7. Bd3 dxc4 8. Bxc4 b6 9. Qb3 Ba6 10. Nf3 Nd5 11. Bxa6 Nxa6 12. Ne5 Qc7 13. e4 Bxc3 14. bxc3 Nf6 15. Qc2 c5 16. Rc1 cxd4 17. cxd4 Qxc2 18. Rxc2 Nxe4 19. Be3 f6 20. Nf3 Nb4 21. Rc7 0-0 22. Re7 Nc2+ 23. Ke2 Nxe3 24. Kxe3 Nc3 25. Rxe6 Rfe8 26. Rxe8+ Rxe8+ 27. Kd3 Nxa4 28. Ra1 b5 29. Nd2 Ra8 30. Nb3 Kf7 31. d5 Ke7 32. Kd4 Kd6 33. f4 f5 34. h3 h6 35. Rc1 b4 36. Rc6+ Kd7 37. Rg6 Rg8 38. Nxa5 h5 39. Nc4 Kc7 40. Rc6+ Kd7 41. Ra6 Nc3 42. Ra7+ Ke8 43. Nd6+ Kd8 44. Ra8+ Kd7 45. Rxg8 Kxd6 46. Rxg7 Nxd5 47. Rg6+ Kc7 48. Kxd5 b3 49. Rc6+ Kd7 1-0